[Event "Titled Tuesday intern op 02nd Feb"]
[Site "Chess.com INT"]
[Date "2021.02.02"]
[Round "2"]
[White "Bouchet, Sebastien"]
[Black "Obregon, Carlos Andres"]
[Result "0-1"]
[WhiteElo "2180"]
[BlackElo "2525"]
[PlyCount "94"]
[EventDate "2021.02.02"]
[EventType "swiss (blitz)"]
[EventRounds "11"]
[EventCountry "USA"]
[SourceTitle "CBM 200 Extra"]
[Source "ChessBase"]
[SourceDate "2021.03.31"]
[SourceVersion "1"]
[SourceVersionDate "2021.03.31"]
[SourceQuality "1"]

1. e4 e5 2. Nf3 Nc6 3. Nc3 Nf6 4. d4 exd4 5. Nxd4 Bb4 6. Nxc6 bxc6 7. Bd3 0-0 8. 0-0 Re8 9. Bg5 Rb8 10. Qf3 Bd6 11. Bxf6 Qxf6 12. Qxf6 gxf6 13. Rab1 Be5 14. Na4 Rb4 15. b3 d5 16. Rbe1 Rd8 17. Re2 a5 18. Rfe1 Kf8 19. h3 h5 20. Kf1 h4 21. f3 Bd4 22. Rd1 Be6 23. exd5 cxd5 24. f4 c5 25. f5 Bd7 26. c3 Rxa4 27. bxa4 Bxc3 28. Bb5 d4 29. Rc2 Ke7 30. Ke2 Bxf5 31. Bd3 Be6 32. Rb1 Rd7 33. Rxc3 dxc3 34. Rc1 Rd4 35. Rxc3 Kd6 36. Bb5 Bxa2 37. Rf3 Ke5 38. Ke3 Bd5 39. Rf2 Rb4 40. Kd3 Rb3+ 41. Kc2 Rg3 42. Bf1 c4 43. Kb2 f5 44. Kc2 Be4+ 45. Kb2 Kd4 46. Rd2+ Kc5 47. Kc1 Rb3 0-1

[Event "Titled Tuesday intern op 02nd Feb"]
[Site "Chess.com INT"]
[Date "2021.02.02"]
[Round "7"]
[White "Sloan, Julia Elizabeth"]
[Black "Bouchet, Sebastien"]
[Result "0-1"]
[WhiteElo "2087"]
[BlackElo "2180"]
[PlyCount "36"]
[EventDate "2021.02.02"]
[EventType "swiss (blitz)"]
[EventRounds "11"]
[EventCountry "USA"]
[SourceTitle "CBM 200 Extra"]
[Source "ChessBase"]
[SourceDate "2021.03.31"]
[SourceVersion "1"]
[SourceVersionDate "2021.03.31"]
[SourceQuality "1"]

1. d4 Nf6 2. Bg5 Ne4 3. Bh4 d5 4. f3 Nd6 5. Nd2 Nf5 6. Bf2 c5 7. e3 cxd4 8. exd4 Nc6 9. c3 g6 10. Bd3 Bg7 11. Ne2 0-0 12. 0-0 Nd6 13. g4 e5 14. Nb3 e4 15. fxe4 dxe4 16. Bc2 Bxg4 17. Be3 Bf3 18. Qc1 Bxe2 0-1

[Event "Titled Tuesday intern op 26th Jan"]
[Site "Chess.com INT"]
[Date "2021.01.26"]
[Round "1"]
[White "Bouchet, Sebastien"]
[Black "Firat, Burak"]
[Result "1/2-1/2"]
[WhiteElo "2180"]
[BlackElo "2466"]
[PlyCount "113"]
[EventDate "2021.01.26"]
[EventType "swiss (blitz)"]
[EventRounds "11"]
[EventCountry "USA"]
[SourceTitle "CBM 200 Extra"]
[Source "ChessBase"]
[SourceDate "2021.03.31"]
[SourceVersion "1"]
[SourceVersionDate "2021.03.31"]
[SourceQuality "1"]

1. e4 c5 2. c3 Nf6 3. e5 Nd5 4. d4 cxd4 5. Nf3 Nc6 6. Bc4 Nb6 7. Bb3 d5 8. exd6 Qxd6 9. 0-0 Be6 10. Bxe6 Qxe6 11. Nxd4 Nxd4 12. Qxd4 Rd8 13. Qh4 h5 14. h3 f6 15. Be3 g5 16. Qg3 Nc4 17. Bxa7 Nxb2 18. Na3 Qa6 19. Bc5 Nd3 20. Qc7 Nxc5 21. Qxc5 e5 22. Qb5+ Qxb5 23. Nxb5 Rh7 24. a4 Rhd7 25. Ra2 Bc5 26. g4 Rd2 27. Rxd2 Rxd2 28. gxh5 Kf7 29. Kg2 Kg7 30. Nc7 Kh6 31. Ne6 Ba7 32. c4 Rd6 33. Nc7 Bc5 34. Nd5 Kxh5 35. Rb1 b6 36. Rb5 Bd4 37. Rb3 Rc6 38. Rf3 Rxc4 39. Rxf6 Rc2 40. Nxb6 Ra2 41. Nd7 Rxa4 42. Rf8 g4 43. Nf6+ Kg6 44. Nxg4 Kg7 45. Rc8 Ra2 46. Rc7+ Kg6 47. Kg3 Kf5 48. f3 Ra3 49. Rf7+ Kg6 50. Rf6+ Kg7 51. Rc6 Ra1 52. h4 Rg1+ 53. Kh2 Rf1 54. Kg2 Rg1+ 55. Kh2 Rf1 56. Kg2 Rg1+ 57. Kh2 1/2-1/2

[Event "Titled Tuesday intern op 26th Jan"]
[Site "Chess.com INT"]
[Date "2021.01.26"]
[Round "6"]
[White "Hartikainen, Jarmo"]
[Black "Bouchet, Sebastien"]
[Result "1/2-1/2"]
[WhiteElo "2142"]
[BlackElo "2180"]
[PlyCount "65"]
[EventDate "2021.01.26"]
[EventType "swiss (blitz)"]
[EventRounds "11"]
[EventCountry "USA"]
[SourceTitle "CBM 200 Extra"]
[Source "ChessBase"]
[SourceDate "2021.03.31"]
[SourceVersion "1"]
[SourceVersionDate "2021.03.31"]
[SourceQuality "1"]

1. e4 c5 2. Nf3 g6 3. d4 cxd4 4. Nxd4 Nf6 5. Nc3 Nc6 6. Be3 Bg7 7. Be2 0-0 8. 0-0 d5 9. exd5 Nxd5 10. Nxc6 bxc6 11. Bd4 e5 12. Bc5 Re8 13. Ne4 Be6 14. c4 Nf4 15. Bf3 Bxc4 16. Nd6 Bxf1 17. Nxe8 Qxe8 18. Qxf1 Ne6 19. Rc1 Rb8 20. b3 e4 21. Be2 Rd8 22. Bxa7 Ra8 23. Be3 Rxa2 24. Bc4 h5 25. g3 Qe7 26. Qd1 h4 27. Bxe6 Qxe6 28. Qd8+ Kh7 29. Qxh4+ Kg8 30. Qd8+ Kh7 31. Qh4+ Kg8 32. Qd8+ Kh7 33. Qh4+ 1/2-1/2